00461nam a2200109Ia 4500008004100000100003100041245013300072260004600205300001800251650001300269856006900282160712s9999 xx 000 0 und d aAguiling-Dalisay, Grace H. cGrace H. Aguiling-DalisayaSikolohiyang Pilipino sa Ugnayan ng Pahinungod: Pakikipagkapwa at Pagbabangong-dangal ng mga Pilipino c2013bDaluyan: Journal ng Wikang Filipino avol. 19 no. 2 xFILIPINO uhttp://journals.upd.edu.ph/index.php/djwf/issue/view/396/showToc